Statistics for TV Shows by Synonyms

Click here to take the quiz!

General Stats

  • This quiz has been taken 1,595 times
  • The average score is 5 of 15

Answer Stats

HintAnswer% Correct
MisplacedLost
83%
Familia DudeFamily Guy
82%
PolicemenCOPS
74%
The Traipsing DeceasedThe Walking Dead
57%
Adolescent CanineTeen Wolf
47%
Lads of ChaosSons of Anarchy
35%
Scorch WarningBurn Notice
30%
Severing UnfavorabilityBreaking Bad
22%
Global Rough-Housing AmusementWorld Wrestling Entertainment (WWE)
16%
Needy Home OccupationistsDesperate Housewives
13%
Foolish MelodiesLooney Tunes
11%
Fowl Succession of RulersDuck Dynasty
8%
The Supreme ScrapperThe Ultimate Fighter
7%
The Defending DeviceThe Shield
5%
Lawfully AcceptedJustified
0%

Score Distribution

Percentile by Number Answered

Percent of People with Each Score

Your Score History

You have not taken this quiz